| 000 | 00819nam a22002777a 4500 | ||
|---|---|---|---|
| 001 | 5071 | ||
| 003 | FISKH | ||
| 005 | 20241104164218.0 | ||
| 008 | 241104b cb ||||| |||| 00| 0 eng d | ||
| 020 | _a059043800X | ||
| 040 |
_aFISKH _beng _cFISKH _dFISKH |
||
| 050 | _aD805.A2 | ||
| 082 | _a940.54720922 | ||
| 100 | _aSullivan, George | ||
| 245 |
_aGreat Escapes of World War II / _cby George Sullivan |
||
| 260 |
_aNew York : _bScholastic ; _c1988. |
||
| 300 |
_a132 pages : _billustrations ; _c18 cm . |
||
| 490 | _aScholastic Biography | ||
| 505 | _aU | ||
| 520 | _aContains the true stories of seven daring escapes by prisoners of war during World War II. | ||
| 521 | 8 |
_a860
_bLexile |
|
| 521 | 8 |
_aU
_bRaz-Plus |
|
| 650 |
_aescapes _vnon-fiction |
||
| 942 |
_2lcc _cBK _n0 |
||
| 999 |
_c5071 _d5071 |
||